logo

Bir Sreshtho Munshi Abdur Rouf Library
Jhenaidah Cadet College

Scorekeeping For Success / (Record no. 5786)

MARC details
000 -LEADER
fixed length control field 01477cam a2200349 a 4500
001 - CONTROL NUMBER
JCCL Control Number 5786
003 - CONTROL NUMBER IDENTIFIER
JCCL marc code BD-JhCC
005 - DATE AND TIME OF LATEST TRANSACTION
control field 20171227161155.0
008 - FIXED-LENGTH DATA ELEMENTS--GENERAL INFORMATION
fixed length control field 070307s2007 utu 000 0 eng
020 ## - INTERNATIONAL STANDARD BOOK NUMBER
International Standard Book Number 1883004055
020 ## - INTERNATIONAL STANDARD BOOK NUMBER
International Standard Book Number 1883004055
035 ## - SYSTEM CONTROL NUMBER
system control number (BD-JhCC)5786
040 ## - CATALOGING SOURCE
Original cataloging agency DLC
Transcribing agency DLC
Modifying agency DLC
-- BD-JhCC
041 ## - LANGUAGE CODE
Language code of Book eng
050 00 - LIBRARY OF CONGRESS CALL NUMBER
Classification number HD57.7
Item number C667 2007
082 00 - DEWEY DECIMAL CLASSIFICATION NUMBER
Classification number 658.4/092
DDC Edition number 22
Author mark and Year COO 2007
100 1# - MAIN ENTRY--PERSONAL NAME
Personal name Coonradt, Charles A.
245 14 - TITLE STATEMENT
Title Scorekeeping For Success /
Statement of responsibility, etc Charles A. Coonradt with Lee Benson
250 ## - EDITION STATEMENT
Edition statement 1st ed.
260 ## - PUBLICATION, DISTRIBUTION, ETC. (IMPRINT)
Place of publication, distribution, etc Salt Lake City, UT :
Name of publisher, distributor, etc Gibbs Smith,
Date of publication, distribution, etc c2007.
300 ## - PHYSICAL DESCRIPTION
Pagination xi, 208 p. ;
Dimensions 21 cm.
504 ## - BIBLIOGRAPHY, ETC. NOTE
Bibliography, etc includes bibliographical references (p.107-112) and index.
505 0# - FORMATTED CONTENTS NOTE
Formatted contents note People make the difference -- The better people leader -- Get people better -- The reasons people don't do what you ask them to do -- Scorekeeping for success -- Appropriate feedback -- Honoring your mentors -- It's the people.
650 #0 - SUBJECT ADDED ENTRY--TOPICAL TERM
Topical term or geographic name as entry element Psychology
General subdivision Study and teaching.
700 1# - ADDED ENTRY--PERSONAL NAME
Personal name Benson, Lee
856 41 - ELECTRONIC LOCATION AND ACCESS
Materials specified Table of contents only
Uniform Resource Identifier http://www.loc.gov/catdir/toc/ecip0713/2007009188.html
856 42 - ELECTRONIC LOCATION AND ACCESS
Materials specified Publisher description
Uniform Resource Identifier http://www.loc.gov/catdir/enhancements/fy0811/2007009188-d.html
856 41 - ELECTRONIC LOCATION AND ACCESS
Materials specified Sample text
Uniform Resource Identifier http://www.loc.gov/catdir/enhancements/fy0811/2007009188-s.html
856 42 - ELECTRONIC LOCATION AND ACCESS
Materials specified Contributor biographical information
Uniform Resource Identifier http://www.loc.gov/catdir/enhancements/fy1102/2007009188-b.html
942 ## - ADDED ENTRY ELEMENTS (KOHA)
Source of classification or shelving scheme Dewey Decimal Classification
Koha item type Books
Holdings
Source of classification or shelving scheme Damaged status Not for loan Home library Current library Shelving location Date of accession Total Checkouts Full call number Barcode Date last seen Date checked out Copy number Koha item type
Dewey Decimal Classification     JCC Rouf Library JCC Rouf Library General Stacks 12/21/2017 1 658.4/092 COO 2007 7781 09/28/2024 09/26/2024 C - 1 Books

JCC Library | Contacts | JCC Home

Last Update on 23 September 2017
Copyright @ 2017-2020 JCC Rouf Library
Rouf Library, Jhenidah Cadet College (JCC), Bangladesh